[Event "Biella op-A 9th"]
[Site "Biella"]
[Date "2018.09.30"]
[Round "4.1"]
[White "Korneev, Oleg"]
[Black "Ivanov, Sergey"]
[Result "1/2-1/2"]
[WhiteElo "2547"]
[BlackElo "2518"]
[PlyCount "54"]
[EventDate "2018.09.28"]
[EventType "swiss"]
[EventRounds "5"]
[EventCountry "ITA"]
[SourceTitle "EXT 2024"]
[Source "ChessBase"]
[SourceDate "2023.10.10"]
[SourceVersion "1"]
[SourceVersionDate "2023.10.10"]
[SourceQuality "1"]

1. e4 e6 2. d4 d5 3. e5 c5 4. c3 Qa5 5. dxc5 Qc7 6. Nf3 Bxc5 7. Bd3 Nc6 8. Bf4 Nge7 9. Bg3 Nf5 10. Bxf5 exf5 11. 0-0 Be6 12. Nbd2 0-0 13. Nb3 Be7 14. Nfd4 Nxd4 15. Nxd4 Qb6 16. Qc2 g6 17. Bf4 Rfc8 18. Qd2 Rc4 19. Bg5 Bf8 20. Rfe1 Rac8 21. Re2 Qa6 22. a3 b5 23. Rae1 Qb6 24. Bh6 Be7 25. Bg5 Bf8 26. Bh6 Be7 27. Bg5 Bf8 1/2-1/2